Quizzes
Events
Quiz Creation
Community
Videos
Private Events
Remove Ads
Sign In
Join for FREE
Feedback
Dark Mode
Quiz Categories
Sports
Geography
Music
Movies
Television
Just For Fun
Miscellaneous
History
Literature
Language
Science
Gaming
Entertainment
Religion
Holiday
For Kids
Quiz Lab
Recent
Popular Today
Quiz Kudos Today
Editor Picks
Curator Picks
Quizzes by...
Day
Popularity
Type
Ratings
Length
Year
Community
Subscriptions
Recent Discussions
Orange Saloon
Badges
Playlists
Quests
Create
Leaderboards
Showdown
Live 5
Trivia Bingo
Activity
Puzzle Library
Sporcle Events
Private Events
Virtual Trivia
Globe League
Become a Host
Pub Owners
SporcleCon
Opinionation
Our Games
Videos
Blog
Mobile Apps
Partnerships
Remove Ads and Go Orange
Feedback
Movies
Disney
Marvel Cinematic Universe
Movie Resume
Movie Titles
Oscar
Actor
Actress
Director
Pixar
Role
Movie Quotes
Movie Characters
Box Office
Nominee
Best Picture
Star Wars
James Bond
Horror Movies
Movies
Disney
Marvel Cinematic Universe
Movie Resume
Movie Titles
Oscar
Actor
Actress
Director
Pixar
Role
Movie Quotes
Movie Characters
Box Office
Nominee
Best Picture
Star Wars
James Bond
Horror Movies
Random Quiz
Search Sporcle
×
Quiz Lab
Quiz Lab
Movies
Actor
Type in answers that appear in a list
Type in answers that appear in a list
Classic
Best Score? Go Orange.
Clean Sweep Actors Stats
Can you name the actors that won an Oscar, Bafta, Golden Globe, SAG and Critic's Choice for a single performance?
By
movieboffin
6m
12 Questions
272 Plays
272 Plays
272 Plays
Comments
Comments
Give Quiz Kudos
Give Quiz Kudos
-
- Ratings
hide this ad
More Info
Replay
Link that replays current quiz
Next Quiz
Link to next quiz in quiz playlist
You Got
0%
They Got
Avg Score
50%
Avg Friend Score
Upgrade to see
Score Distribution
Jump to the score distribution portion of the page
Score
0/12
Timer
06:00
0
Plays Today
Year
Actor
% Correct
2007 and 2012
Daniel Day-Lewis
89.7%
2010
Colin Firth
74.3%
2005
Phillip Seymour Hoffman
65.4%
2004
Jamie Foxx
58.1%
2007
Javier Bardem
56.6%
2006
Forest Whitaker
54%
2008
Heath Ledger
54%
1996
Geoffrey Rush
53.7%
2009
Christoph Waltz
51.5%
2011
Christopher Plummer
41.5%
2015
JK Simmons
29.8%
2016
Leonardo Di Caprio
14.9%
Quiz Playlist
Details
Report
Send in Message
Add To Playlist
More Info:
Either Lead Role or Supporting Role is accepted.
Classic:
Type in answers that appear in a list
Quiz Source
Last Updated: Feb 16, 2017
Quiz Scoreboard
CHALLENGE
Sign Up to Join the Scoreboard
Show All
Scores
Hide
Comments
May contain spoilers
Recently Published
Click the 1999 NBA Draft
by nibperrychub
Sports
2m
Alphabetical 'K' Countries by Flag Minefield
by ylime102
Geography
3m
Pick 6: Fruits
by JohnFran
Miscellaneous
15s
More to Explore
Quiz From the Vault
Featured Blog Post
15 Basketball Trivia Facts You Can Be March Mad About
hide this ad
You Might Also Like...
Tags
Actor Quiz
Oscar Quiz
bafta
clean
critic
globe
Performance
SAG
Single
Sweep
Won
Today's Top Quizzes in Movies
Browse Movies
hide this ad
Today's Top Quizzes in Actor
Browse Actor
Top Contributed Quizzes in Movies
1
Pick 6: Harry Potter
2
Pick 6: Movie Franchises
3
Pick 6: Actors
4
Pick 6: Actresses
5
Pick 6: Disney Princesses
6
Match The President To The Fictional Crisis
7
Harry Potter Logic Puzzle
8
Movies of the Seasons
9
10 Quentin Tarantino Movies in Order
10
Marvel Movies: Who Wants to be a Millionaire? HARD
Explore More
Trending Topics
Anime
NBA
Kpop
Crossword
Harry Potter
Disney
Marvel
NFL
Puzzle
Pokémon
Song
Country
WWE
Soccer
The Office
hide this ad
More By:
movieboffin
Quiz
Plays
Rating
Category
Featured
Created
Fictional Addresses
3,311
4.46
Entertainment
Feb 18, 2014
Dead or Alive?
555
3.22
History
Jan 12, 2014
One Word Pacino
370
4.50
Movies
Sep 30, 2013
Christmas Movie Slideshow
333
3.80
Movies
Nov 12, 2015
On This Day: Christmas
328
3.22
History
Dec 25, 2014
Go to Creator's Profile
Score Distribution
Quiz Creator Spotlight
movieboffin
Follow
Send a Message
Quizzes Created
-
Created Quiz Play Count
-
More By This Creator
Popular Quizzes Today
1
Countries of Asia Without Outlines Minefield
2
Find the US States - No Outlines Minefield
3
Pick 6: Fruits
4
Alphabetical 'K' Countries by Flag Minefield
5
The Countries of the World
6
Find the US States
7
US States
8
Match the Book to the Film X
More Movies Quizzes
Quick Pick: Woody Allen Movie Posters
Quiz Lab
Trending Quizzes
Pick 6: Harry Potter
Pick 6: Mountains
Pick 6: NFL Teams
Pick 6: Movie Franchises
Pick 6: Golfers
Recently Updated
NWSL Teams
pecheneg
Women's Final Four Teams by Year
bhenderson79
Presidents Quartet II
eogle
Anything But Clue(do)
eogle
Anything But Oceanian Capitals
eogle
Anything But 7
eogle
Anything But Thing
eogle
Word Ladder: February 29
pecheneg
Song Title Questions
pecheneg
Women's NCAA Tournament #1 Seeds
pecheneg
Trending Topics
Crossword
Harry Potter
Disney
Kpop
Anime
Marvel
NBA
The Office
Puzzle
WWE
Pokémon
Soccer
NFL
Song
Country
Your Account Isn't Verified!
In order to create a playlist on Sporcle, you need to verify the email address you used during registration. Go to your
Sporcle Settings
to finish the process.
Report this User
Report this user for behavior that violates our
Community Guidelines
.
Details:
Send Report
Go to the Sporcle.com Mobile Site →
Comments